Statistics for Soccer Players by Country

Click here to take the quiz!

General Stats

  • This quiz has been taken 51 times
  • The average score is 41 of 65

Answer Stats

HintAnswer% Correct
Bukayo SakaEngland
95%
AntonyBrazil
93%
Mateo KovacicCroatia
93%
Sergej Milinkovic-SavicSerbia
93%
Riyad MahrezAlgeria
90%
Giorgos GiakoumakisGreece
90%
Guillermo OchoaMexico
90%
Alphonso DaviesCanada
88%
Lucas HernandezFrance
88%
Jamal MusialaGermany
88%
Martin OdegaardNorway
88%
Robert LewandowskiPoland
88%
Jan OblakSlovenia
88%
Kim Min JaeSouth Korea
88%
Cody GakpoNetherlands
85%
David AlabaAustria
83%
Xherdan ShaqiriSwitzerland
83%
Wu LeiChina
80%
Khvicha KvaratskheliaGeorgia
80%
Federico ValverdeUruguay
78%
Luis DiazColombia
76%
Victor OsimhenNigeria
76%
Alexander IsakSweden
76%
Simon KjaerDenmark
73%
Nicolo ZanioloItaly
73%
Yassine BounouMorocco
73%
Charles De KetelaereBelgium
71%
Pedro GoncalvesPortugal
71%
Martin DubravkaSlovakia
71%
Keylor NavasCosta Rica
68%
Takefusa KuboJapan
68%
Peter GulacsiHungary
66%
Jonny EvansNorthern Ireland
63%
Aaron MooyAustralia
61%
Evan FergusonIreland
61%
Aaron RamseyWales
61%
Alejandro GarnachoArgentina
59%
Tomas SoucekCzech Republic
59%
Vincent AboubakarCameroon
56%
Chris WoodNew Zealand
56%
Ianis HagiRomania
56%
Claudio BravoChile
54%
Aleksandr GolovinRussia
54%
Billy GilmourScotland
54%
Moises CaicedoEcuador
51%
Wilfried ZahaIvory Coast
51%
Sunil ChhetriIndia
49%
Arda GulerTurkey
49%
Lukas HradeckyFinland
44%
Alireza JahanbakhshIran
44%
Akram AfifQatar
39%
Nicolas JacksonSenegal
39%
Salem Al DawsariSaudi Arabia
37%
Brandon VazquezUSA
37%
Josef MartinezVenezuela
37%
Lucas ZelarayanArmenia
34%
Omar MarmoushEgypt
34%
Hannibal MejbriTunisia
34%
Yves BissoumaMali
32%
Bertrand TraoreBurkina Faso
29%
Demarai GrayJamaica
29%
Julio EncisoParaguay
29%
Dante RossiSan Marino
29%
Pedro GallesePeru
15%
Adalberto CarrasquillaPanama
12%

Score Distribution

Percentile by Number Answered

Percent of People with Each Score

Your Score History

You have not taken this quiz